Štátny fond trhovej regulácie v novej úlohe

Úprava zákona č.270/1991 Zb. o ŠFTR SR v poľnohospodárstve zo 16.7.1993. Postavenie a nové úlohy Štátneho fondu trhovej regulácie (ŠFTR). Nové zloženie Rady fondu a jej úlohy.

Enregistré dans:
Détails bibliographiques
Auteur principal: Delinga, P.
Format: Chapitre de livre
Langue:slovaque
Sujets:
Tags: Ajouter un tag
Pas de tags, Soyez le premier à ajouter un tag!

MARC

LEADER 00000naa a2200000 4500
001 r014249
005 20221213122723.8
041 0 |a slo 
044 |a SK 
245 1 0 |a Štátny fond trhovej regulácie v novej úlohe  |c P. Delinga 
520 |a Úprava zákona č.270/1991 Zb. o ŠFTR SR v poľnohospodárstve zo 16.7.1993. Postavenie a nové úlohy Štátneho fondu trhovej regulácie (ŠFTR). Nové zloženie Rady fondu a jej úlohy. 
610 2 0 |a fondy trhové 
610 2 0 |a ŠFTR SR Bratislava 
610 2 0 |a zákony 
610 2 0 |a regulácia trhu 
610 2 0 |a Slovensko 
100 1 |a Delinga, P.